000
00327 a2200109 4500
001
ART_7048
005
20260410161700.0
008
260409a
245
1
0
_a
Correlación entre importaciones y exportaciones
100
1
_a
Bebczuk, Ricardo
773
0
_t
Ensayos Económicos
_g
- Nº 52 (oct./dic. 2008)
_w
REV620
999
_c
15044
_d
15044